Out of town shopping: the future of retailing (Record no. 100051)

MARC details
000 -LEADER
fixed length control field 01018cam a2200241 4500
008 - FIXED-LENGTH DATA ELEMENTS--GENERAL INFORMATION
fixed length control field 000000n1999 000 0 eng u
020 ## - INTERNATIONAL STANDARD BOOK NUMBER
International Standard Book Number 0712308482
035 ## - SYSTEM CONTROL NUMBER
System control number (Sirsi) u102244
100 ## - MAIN ENTRY--PERSONAL NAME
Personal name Ruston, Phil
110 ## - MAIN ENTRY--CORPORATE NAME
Corporate name or jurisdiction name as entry element British Library
9 (RLIN) 1566
245 ## - TITLE STATEMENT
Title Out of town shopping: the future of retailing
260 ## - PUBLICATION, DISTRIBUTION, ETC.
Place of publication, distribution, etc. London
Name of publisher, distributor, etc. British Library
Date of publication, distribution, etc. 1999
300 ## - PHYSICAL DESCRIPTION
Extent viii,182p. ; 23cm.
350 ## - PRICE (NR) (BK AM CF MU VM SE) [OBSOLETE]
Price 37.00
520 ## - SUMMARY, ETC.
Summary, etc. This is an extensive survey of developments in retailing over the past decade and into the future which continues the British Library's survey of "Shopping in the Eighties" (1988). Almost ten per cent of the UK workforce are now involved in selling goods to consumers in a market worth £143 billion a year. A quarter of this book is devoted to online shopping and e-commerce.
650 ## - SUBJECT ADDED ENTRY--TOPICAL TERM
Topical term or geographic name entry element RETAIL PROPERTY
650 ## - SUBJECT ADDED ENTRY--TOPICAL TERM
Topical term or geographic name entry element OUT OF TOWN
650 ## - SUBJECT ADDED ENTRY--TOPICAL TERM
Topical term or geographic name entry element PROPERTY DEVELOPMENT
650 ## - SUBJECT ADDED ENTRY--TOPICAL TERM
Topical term or geographic name entry element LIFESTYLES
650 ## - SUBJECT ADDED ENTRY--TOPICAL TERM
Topical term or geographic name entry element ELECTRONIC COMMERCE
690 ## - LOCAL SUBJECT ADDED ENTRY--TOPICAL TERM (OCLC, RLIN)
Topical term or geographic name as entry element PROPERTY-COMMERCIAL PROPERTY
942 ## - ADDED ENTRY ELEMENTS (KOHA)
Suppress in OPAC 0
Holdings
Withdrawn status Lost status Source of classification or shelving scheme Damaged status Not for loan Home library Current library Shelving location Date acquired Total Checkouts Full call number Barcode Date last seen Date last checked out Copy number Price effective from Koha item type
    Dewey Decimal Classification     London London Books 01/12/1999 22 711.552 RUS 30060277 06/08/2019 29/10/2008 1 06/08/2019 Book